• 首页
  • 本馆介绍
  • 公告通知
  • 最新文献
  • 馆藏检索
  • 电子资源
  • 读者导购
  • 参考咨询
  • 我的图书馆
  • 登录
  • 详细信息显示
  • 放入我的书架
  • 预约/预借图书
  • 作者相关作品
  • 分类相关作品
  • 丛书相关作品
  • 出版社相关作品

书目信息

  • 表格格式
  • 工作单格式
  • 卡片格式
题名:
网络经济与企业经营研究
    
 
作者: 刘国梁 著
分册:  
出版信息: 哈尔滨   哈尔滨出版社  2021
页数: 201页
开本: 21cm
丛书名:
单 册:
中图分类: F49 , F272.3
科图分类:
主题词: 网络经济--wang lao jing ji--研究 , 企业经营管理--qi ye jing ying guan li--研究
电子资源:
ISBN: 978-7-5484-5399-4
000 01257nam0 2200265 450
001 2158009330
005 20211011172911.0
010    @a978-7-5484-5399-4@dCNY48.00
100    @a20210316d2021 em y0chiy50 ea
101 0  @achi
102    @aCN@b230000
105    @ay az 000yy
106    @ar
200 1  @a网络经济与企业经营研究@Awang lao jing ji yu qi ye jing ying yan jiu@f刘国梁著
210    @a哈尔滨@c哈尔滨出版社@d2021
215    @a201页@d21cm
320    @a有书目 (第199-201页)
330    @a这是一本经济管理研究类图书,阐述网络经济的含义、网络经济管理的必要性及网络经济管理的方法与特点。本书主要从企业财务管理、人力资源管理、营销管理等方面研究了网络经济下企业经营的实践,深入探究了网络经济下企业的观念创新、技术创新、组织创新以及文化创新。这是一本经济管理研究类图书,阐述网络经济的含义、网络经济管理的必要性及网络经济管理的方法与特点。本书主要从企业财务管理、人力资源管理、营销管理等方面研究了网络经济下企业经营的实践,深入探究了网络经济下企业的观念创新、技术创新、组织创新以及文化创新。
606 0  @a网络经济@Awang lao jing ji@x研究
606 0  @a企业经营管理@Aqi ye jing ying guan li@x研究
690    @aF49@v5
690    @aF272.3@v5
701  0 @a刘国梁@Aliu guo liang@4著
801  0 @aCN@b百万庄@c20211007
905    @b1306433-36@dF49@e23@f4
    
    网络经济与企业经营研究/刘国梁著.-哈尔滨:哈尔滨出版社,2021
    201页;21cm
    
    
    ISBN 978-7-5484-5399-4:CNY48.00
    这是一本经济管理研究类图书,阐述网络经济的含义、网络经济管理的必要性及网络经济管理的方法与特点。本书主要从企业财务管理、人力资源管理、营销管理等方面研究了网络经济下企业经营的实践,深入探究了网络经济下企业的观念创新、技术创新、组织创新以及文化创新。这是一本经济管理研究类图书,阐述网络经济的含义、网络经济管理的必要性及网络经济管理的方法与特点。本书主要从企业财务管理、人力资源管理、营销管理等方面研究了网络经济下企业经营的实践,深入探究了网络经济下企业的观念创新、技术创新、组织创新以及文化创新。
●
相关链接 在E读中查询图书 在五车中查询图书 在当当中查询图书 在豆瓣中查询图书


正题名:网络经济与企业经营研究     索取号:F49/23         预约/预借

序号 登录号 条形码 馆藏地/架位号 状态 备注
1 1306433   213064333   第一样本阅览室/ [索取号:F49/23] 在馆    
2 1306434   213064342   第一借阅区/ [索取号:F49/23] 在馆    
3 1306435   213064351   第一借阅区/ [索取号:F49/23] 在馆    
4 1306436   213064360   第一借阅区/ [索取号:F49/23] 在馆    
唐山师范学院图书馆 欢迎您!
大连网信软件有限公司© 版权所有